MARC details
| 000 -LEADER |
| fixed length control field |
03761cam a22006134a 4500 |
| 001 - CONTROL NUMBER |
| control field |
muse76486 |
| 003 - CONTROL NUMBER IDENTIFIER |
| control field |
MdBmJHUP |
| 005 - DATE AND TIME OF LATEST TRANSACTION |
| control field |
20210127151337.0 |
| 006 - FIXED-LENGTH DATA ELEMENTS--ADDITIONAL MATERIAL CHARACTERISTICS |
| fixed length control field |
m o d |
| 007 - PHYSICAL DESCRIPTION FIXED FIELD--GENERAL INFORMATION |
| fixed length control field |
cr||||||||nn|n |
| 008 - FIXED-LENGTH DATA ELEMENTS--GENERAL INFORMATION |
| fixed length control field |
190816r20192015ne o 00 0 eng d |
| 020 ## - INTERNATIONAL STANDARD BOOK NUMBER |
| International Standard Book Number |
9789048527557 |
| 020 ## - INTERNATIONAL STANDARD BOOK NUMBER |
| International Standard Book Number |
9048527554 |
| 020 ## - INTERNATIONAL STANDARD BOOK NUMBER |
| Canceled/invalid ISBN |
9789089648914 |
| 020 ## - INTERNATIONAL STANDARD BOOK NUMBER |
| Canceled/invalid ISBN |
9089648917 |
| 035 ## - SYSTEM CONTROL NUMBER |
| System control number |
(OCoLC)1112364138 |
| 040 ## - CATALOGING SOURCE |
| Original cataloging agency |
MdBmJHUP |
| Transcribing agency |
MdBmJHUP |
| 041 1# - LANGUAGE CODE |
| Language code of text/sound track or separate title |
eng |
| Language code of original |
ger |
| 050 #4 - LIBRARY OF CONGRESS CALL NUMBER |
| Classification number |
PN1998.3.F365 |
| Item number |
P3613 2015 |
| 082 0# - DEWEY DECIMAL CLASSIFICATION NUMBER |
| Classification number |
791 |
| 100 1# - MAIN ENTRY--PERSONAL NAME |
| Personal name |
Pantenburg, Volker, |
| Dates associated with a name |
1973- |
| Relator term |
author. |
| 240 10 - UNIFORM TITLE |
| Uniform title |
Film als Theorie. |
| Language of a work |
English |
| 245 10 - TITLE STATEMENT |
| Title |
Farocki/Godard |
| Statement of responsibility, etc. |
Volker Pantenburg ; translated by Micheal Turnbull. |
| 264 #1 - PRODUCTION, PUBLICATION, DISTRIBUTION, MANUFACTURE, AND COPYRIGHT NOTICE |
| Name of producer, publisher, distributor, manufacturer |
Project Muse, |
| 264 #3 - PRODUCTION, PUBLICATION, DISTRIBUTION, MANUFACTURE, AND COPYRIGHT NOTICE |
| Name of producer, publisher, distributor, manufacturer |
Project MUSE, |
| 300 ## - PHYSICAL DESCRIPTION |
| Extent |
1 online resource (285 pages) : |
| Other physical details |
illustrations. |
| 490 0# - SERIES STATEMENT |
| Series statement |
IKKM books ; |
| Volume/sequential designation |
volume 25 |
| 490 0# - SERIES STATEMENT |
| Series statement |
Film Culture in Transition |
| 500 ## - GENERAL NOTE |
| General note |
"Originally published as 'Volker Pantenburg, Film als Theorie. Bildforschung bei Harun Farocki und Jean-Luc Godard', transcript Verlag, 2006"--Title page verso. |
| 500 ## - GENERAL NOTE |
| General note |
Issued as part of book collections on Project MUSE. |
| 504 ## - BIBLIOGRAPHY, ETC. NOTE |
| Bibliography, etc. note |
Includes bibliographical references (pages 263-275) and indexes. |
| 505 0# - FORMATTED CONTENTS NOTE |
| Formatted contents note |
Introduction: Two Image Researchers -- 1. Le film qui pense: Image, Theory, Practice -- Film as a "Concrete Medium" -- Film Theories / Film as Theory -- Difference and Theory -- Montage and Cinematic Thinking -- 2. The Camera as Brush -- Film and Painting: Narrating with Images: Breathless -- Exploding the Museum: Pierrot le fou -- Arranging Things: Still Life -- Processing Images: Passion -- 3. Deviation as Norm -- Notes on the Essay Film -- 4. Cut -- Interlude in the Editing Room: What an Editing Room is: Interface -- Montage, toujours: JLG/JLG -- 5. Taking Pictures -- Photography and Film: Displacing: The Carabineers -- Rendering: Before Your Eyes Vietnam -- Surveying: Images of the World and The Inscription of War -- 6. Two or Three Ways of Speaking with the Hands: Asking Oneself: La Chinoise / Vent d'est -- Offering Oneself: Nouvelle vague -- Wxpressing Oneself: Georg K. Glaser / The Expression of Hands -- Conclusion. |
| 506 0# - RESTRICTIONS ON ACCESS NOTE |
| Terms governing access |
Open Access |
| Standardized terminology for access restriction |
Unrestricted online access |
| Source of term |
star |
| 520 ## - SUMMARY, ETC. |
| Summary, etc. |
This book brings together two major filmmakers--German avant-gardist Harun Farocki and French New Wave master Jean-Luc Godard--to explore the fundamental tension between theoretical abstraction and the capacities of film itself, a medium where everything seen onscreen is necessarily concrete. Volker Pantenburg shows how these two filmmakers explored the potential of combined shots and montage to create "film as theory." |
| 588 ## - SOURCE OF DESCRIPTION NOTE |
| Source of description note |
Description based on print version record. |
| 600 11 - SUBJECT ADDED ENTRY--PERSONAL NAME |
| Personal name |
Farocki, Harun |
| General subdivision |
Criticism and interpretation. |
| 600 11 - SUBJECT ADDED ENTRY--PERSONAL NAME |
| Personal name |
Godard, Jean-Luc, |
| Dates associated with a name |
1930- |
| General subdivision |
Criticism and interpretation. |
| 650 #0 - SUBJECT ADDED ENTRY--TOPICAL TERM |
| Topical term or geographic name entry element |
Motion pictures |
| General subdivision |
Philosophy. |
| 655 #0 - INDEX TERM--GENRE/FORM |
| Genre/form data or focus term |
Electronic books. |
| 655 #7 - INDEX TERM--GENRE/FORM |
| Genre/form data or focus term |
Electronic books. |
| Source of term |
local |
| 700 1# - ADDED ENTRY--PERSONAL NAME |
| Personal name |
Turnbull, Michael, |
| Dates associated with a name |
1959- |
| Relator term |
translator. |
| 710 2# - ADDED ENTRY--CORPORATE NAME |
| Corporate name or jurisdiction name as entry element |
Project Muse |
| Relator term |
distributor. |
| 710 2# - ADDED ENTRY--CORPORATE NAME |
| Corporate name or jurisdiction name as entry element |
Internationales Kolleg für Kulturtechnikforschung und Medienphilosophie. |
| 776 18 - ADDITIONAL PHYSICAL FORM ENTRY |
| Relationship information |
Print version: |
| International Standard Book Number |
9789089648914 |
| -- |
9089648917 |
| 710 2# - ADDED ENTRY--CORPORATE NAME |
| Corporate name or jurisdiction name as entry element |
Project Muse. |
| Relator term |
distributor |
| 830 #0 - SERIES ADDED ENTRY--UNIFORM TITLE |
| Uniform title |
Schriften des Internationalen Kollegs für Kulturtechnikforschung und Medienphilosophie ; |
| Volume/sequential designation |
Bd. 25. |
| 830 #0 - SERIES ADDED ENTRY--UNIFORM TITLE |
| Uniform title |
Film culture in transition. |
| 830 #0 - SERIES ADDED ENTRY--UNIFORM TITLE |
| Uniform title |
Book collections on Project MUSE. |
| 856 40 - ELECTRONIC LOCATION AND ACCESS |
| Public note |
Full text available: |
| Uniform Resource Identifier |
<a href="https://muse.jhu.edu/book/66282/">https://muse.jhu.edu/book/66282/</a> |